000 00586nam a2200217Ia 4500
003 OSt
005 20220928135537.0
006 a|||||r|||| 00| 0
007 ta
008 220927b |||||||| |||| 00| 0 eng d
024 _a2961
037 _cTextual
040 _aSDCL
_cSDCL
_beng
041 _2eng
_aeng
082 _aO-,1L70:g(R), L3
100 _aGrob Alan
_9491367
245 0 _aPhilosophic mind
_b A study of Wordsworth's poetry and thought 1797-1805
260 _c1973
942 _hO-,1L70:g(R), L3
_cTEXL
_2CC
999 _c806757
_d806757